| Tag |
First Indicator |
Second Indicator |
Subfields |
| LEADER |
00000nam a2200000 i 4500 |
| 001 |
in00002730708 |
| 005 |
20240614230258.9 |
| 008 |
240614m17031704sz 000 i fre d |
| 035 |
|
|
|a (OCoLC)on1439295289
|
| 035 |
|
|
|a (OCoLC)1439295289
|
| 035 |
|
|
|a (Voyager)3932522
|
| 040 |
|
|
|a TXA
|b eng
|e rda
|c TXA
|
| 043 |
|
|
|a e-po---
|a e------
|
| 050 |
|
4 |
|a D281
|b .L23 1703
|
| 100 |
1 |
|
|a La Chapelle,
|c M. de
|q (Jean),
|d 1655-1723.
|1 https://id.oclc.org/worldcat/entity/E39PBJmdpqRg3JgK9gPMRgTWDq
|
| 245 |
1 |
0 |
|a Lettre d'un suisse à un françois.
|
| 264 |
|
1 |
|a Sur l'imprimé, A Basle :
|b [publisher not identified],
|c 1703-1704.
|
| 300 |
|
|
|a 1 volume (various pageings) ;
|c 15 cm
|
| 336 |
|
|
|a text
|b txt
|2 rdacontent
|
| 337 |
|
|
|a unmediated
|b n
|2 rdamedia
|
| 338 |
|
|
|a volume
|b nc
|2 rdacarrier
|
| 500 |
|
|
|a "Avec permission."
|
| 500 |
|
|
|a By Jean de La Chapelle -- OCLC.
|
| 500 |
|
|
|a 13th-18th letters, dated 1703, and 19th letter, dated janvier 1704.
|
| 500 |
|
|
|a Vignette on title page; head- and end-pieces; initials.
|
| 500 |
|
|
|a At head of page 1 of [XV] lettre: "L'imprimeur au lecteur. La quinziéme lettre du suisse a esté perduë par hazard, on interceptée par les ennemis. On n'a pû en ramasser que des fragments, que j'ay crû encore dignes de la curiosité du public."
|
| 500 |
|
|
|a The XIX [dix-neuivième] lettre has separate title page.
|
| 505 |
0 |
|
|a XIII lettre (36 pages) -- XIV lettre (40 pages) -- [XV] lettre 32 pages) -- XVI lettre (39 pages) --XVII lettre (39 pages) -- XVIII lettre (38 pages) --XIX lettre (36 pages).
|
| 500 |
|
|
|a The final pages of some letters are blank.
|
| 600 |
0 |
0 |
|a Charles
|b VI,
|c Holy Roman Emperor,
|d 1685-1740.
|
| 650 |
|
0 |
|a Spanish Succession, War of, 1701-1714.
|
| 651 |
|
0 |
|a Portugal
|x History
|y 17th century.
|
| 650 |
|
6 |
|a Guerre de la Succession d'Espagne, 1701-1714.
|0 (CaQQLa)201-0044285
|
| 651 |
|
6 |
|a Portugal
|0 (CaQQLa)201-0152563
|x Histoire
|0 (CaQQLa)201-0152563
|y 17e siècle.
|0 (CaQQLa)201-0373667
|
| 600 |
0 |
7 |
|a Charles
|b VI,
|c Holy Roman Emperor,
|d 1685-1740.
|2 fast
|0 (OCoLC)fst00146900
|1 https://id.oclc.org/worldcat/entity/E39PBJycTcjcGMGQWMRkwf9hpP
|
| 651 |
|
7 |
|a Portugal.
|2 fast
|0 (OCoLC)fst01208476
|1 https://id.oclc.org/worldcat/entity/E39PBJxxjMbPKJH7yTMRfq7j4q
|
| 647 |
|
7 |
|a War of Spanish Succession
|d (1701-1714)
|2 fast
|0 (OCoLC)fst01128238
|1 https://id.oclc.org/worldcat/entity/E39Qhp4vB9Pg4kVk4FKFXyQTGb
|
| 648 |
|
7 |
|a 1600-1714
|2 fast
|
| 655 |
|
7 |
|a History.
|2 fast
|0 (OCoLC)fst01411628
|
| 752 |
|
|
|a Switzerland
|d Basel.
|
| 948 |
|
|
|h HELD BY TXA - 0 OTHER HOLDINGS
|
| 994 |
|
|
|a Z0
|b TXA
|
| 999 |
f |
f |
|s f08d5540-010b-3701-990c-4ed97d72eee7
|i 5b2ebefd-7760-3774-bd22-f92f60b3df49
|t 0
|
| 952 |
f |
f |
|p noncirc
|a Texas A&M University
|b College Station
|c Cushing Memorial Library & Archives
|d Cushing: Dawson French (Does not check out)
|t 0
|e D281 L23 1703
|h Library of Congress classification
|i unmediated -- volume
|m A14853147369
|
| 998 |
f |
f |
|a D281 L23 1703
|t 0
|l Cushing: Dawson French (Does not check out)
|